Környezeti rendszerek
Elmentve itt :
| Szerzők: | |
|---|---|
| Dokumentumtípus: | Könyv |
| Megjelent: |
2013
|
| Kulcsszavak: | ökológiai rendszerek környezetvédelem környezeti rendszer |
| Tárgyszavak: | |
| Online Access: | http://eta.bibl.u-szeged.hu/1315 |
| LEADER | 00848nnm a2200277 i 4500 | ||
|---|---|---|---|
| 001 | eta1315 | ||
| 005 | 20181127145659.0 | ||
| 008 | 181127s2013 hu o 0|| hun d | ||
| 040 | |a SZTE Elektronikus Tananyag Archívum |b hun | ||
| 041 | |a hun | ||
| 100 | 1 | |a Kerényi Attila | |
| 245 | 1 | 0 | |a Környezeti rendszerek |h [elektronikus dokumentum] / |c Kerényi Attila |
| 260 | |c 2013 | ||
| 300 | |a 149 | ||
| 516 | |a Book | ||
| 650 | 4 | |a Természettudományok | |
| 650 | 4 | |a Biológiai tudományok | |
| 650 | 4 | |a Ökológia | |
| 650 | 4 | |a Biodiverzitás megőrzése | |
| 650 | 4 | |a Természetvédelem | |
| 695 | |a ökológiai rendszerek | ||
| 695 | |a környezetvédelem | ||
| 695 | |a környezeti rendszer | ||
| 700 | 0 | 1 | |a Kiss Tímea |e aut |
| 700 | 0 | 1 | |a Szabó György |e aut |
| 856 | 4 | 0 | |u https://eta.bibl.u-szeged.hu/1315/1/kornyezeti_rendszerek.pdf |z Dokumentum-elérés |